MDQL
is popping MORE tags! Check the
thread
!
Quizzes
Events
Quiz Creation
Community
Videos
Private Events
Remove Ads
Sign In
Join for FREE
Feedback
Dark Mode
Quiz Categories
Sports
Geography
Music
Movies
Television
Just For Fun
Miscellaneous
History
Literature
Language
Science
Gaming
Entertainment
Religion
Holiday
For Kids
Quiz Lab
Recent
Popular Today
Quiz Kudos Today
Editor Picks
Curator Picks
Quizzes by...
Day
Popularity
Type
Ratings
Length
Year
Community
Subscriptions
Recent Discussions
Orange Saloon
Badges
Playlists
Quests
Create
Leaderboards
Showdown
Live 5
Trivia Bingo
Activity
Puzzle Library
Sporcle Events
Private Events
Virtual Trivia
Globe League
Become a Host
Pub Owners
SporcleCon
Opinionation
Our Games
Videos
Blog
Mobile Apps
Partnerships
Remove Ads and Go Orange
Feedback
Geography
Country
Landmarks
City
State
Population
World
Capital
Continent
Flags
Europe
Africa
Asia
South America
North America
Oceania
Border
Canada
United Kingdom
Topography
United States
Geography
Country
Landmarks
City
State
Population
World
Capital
Continent
Flags
Europe
Africa
Asia
South America
North America
Oceania
Border
Canada
United Kingdom
Topography
United States
Random Quiz
Search Sporcle
×
Quiz Lab
Quiz Lab
Geography
City
Type in answers that appear in a list
Type in answers that appear in a list
Classic
Best Score? Go Orange.
State's Largest City Stats
Can you name the largest city for each state?
By
ChicagoGuy88
10m
50 Questions
41 Plays
41 Plays
41 Plays
Comments
Comments
Give Quiz Kudos
Give Quiz Kudos
-
- Ratings
hide this ad
Replay
Link that replays current quiz
Next Quiz
Link to next quiz in quiz playlist
You Got
0%
They Got
Avg Score
86%
Avg Friend Score
Upgrade to see
Score Distribution
Jump to the score distribution portion of the page
Score
0/50
Timer
10:00
0
Plays Today
State
City
% Correct
Arizona
Phoenix
100%
California
Los Angeles
100%
Colorado
Denver
100%
Illinois
Chicago
100%
Massachusetts
Boston
100%
New York
New York
100%
Arkansas
Little Rock
97.6%
Georgia
Atlanta
97.6%
Hawaii
Honolulu
97.6%
Indiana
Indianapolis
97.6%
Michigan
Detroit
97.6%
Missouri
Kansas City
97.6%
Nevada
Las Vegas
97.6%
Washington
Seattle
97.6%
Louisiana
New Orleans
95.1%
Maryland
Baltimore
95.1%
Minnesota
Minneapolis
95.1%
Pennsylvania
Philadelphia
95.1%
Tennessee
Memphis
95.1%
Texas
Houston
95.1%
Utah
Salt Lake City
95.1%
Maine
Portland
92.7%
Mississippi
Jackson
92.7%
Nebraska
Omaha
92.7%
Oklahoma
Oklahoma City
92.7%
State
City
% Correct
Oregon
Portland
92.7%
Rhode Island
Providence
92.7%
Wisconsin
Milwaukee
92.7%
Alabama
Birmingham
90.2%
Alaska
Anchorage
90.2%
Florida
Jacksonville
90.2%
Idaho
Boise
90.2%
North Carolina
Charlotte
90.2%
Ohio
Columbus
90.2%
Iowa
Des Moines
87.8%
Kentucky
Louisville
87.8%
New Mexico
Albuquerque
85.4%
New Jersey
Newark
80.5%
West Virginia
Charleston
78%
Wyoming
Cheyenne
75.6%
South Carolina
Columbia
73.2%
Kansas
Wichita
70.7%
Virginia
Virginia Beach
68.3%
Delaware
Wilmington
61%
South Dakota
Sioux Falls
61%
Montana
Billings
58.5%
New Hampshire
Manchester
56.1%
North Dakota
Fargo
56.1%
Vermont
Burlington
56.1%
Connecticut
Bridgeport
53.7%
Quiz Playlist
Details
Report
Send in Message
Add To Playlist
Classic:
Type in answers that appear in a list
Last Updated: Feb 16, 2017
Quiz Scoreboard
CHALLENGE
Sign Up to Join the Scoreboard
Show All
Scores
Hide
Comments
May contain spoilers
Recently Published
Colored Red Africa Blitz
by spor1
Geography
30s
Find the 'City' Movie
by crazypaving
Movies
60s
5x2 Blitz: Bands
by SL_Kpop136
Music
30s
More to Explore
Quiz From the Vault
Featured Blog Post
14 Easter Pick-up Lines to Find Eggs With
hide this ad
You Might Also Like...
Tags
City Quiz
Pop Music Quiz
State Quiz
largest
Today's Top Quizzes in Geography
Browse Geography
hide this ad
Today's Top Quizzes in City
Browse City
Top Contributed Quizzes in Geography
1
Countries of the World - No Outlines Minefield
2
Colored Red Europe Blitz I
3
Colored Red Africa Blitz II
4
Colored Red Europe Blitz II
5
Colored Red Europe Blitz III
6
Colored Red Africa Blitz III
7
Colored Red States Blitz I
8
Colored Red States Blitz II
9
Colored Red States Blitz III
10
Blind Secret Country CLXXXIX
Explore More
Trending Topics
Marvel
Disney
Kpop
NBA
Anime
Harry Potter
Crossword
Song
Country
Puzzle
WWE
Soccer
The Office
NFL
Pokémon
hide this ad
More By:
ChicagoGuy88
Quiz
Plays
Rating
Category
Featured
Created
US States (Redux)
1,359,788
3.91
Geography
May 22, 2012
Countries: North to South
209,883
4.13
Geography
Apr 21, 2017
Country City Match
96,603
4.35
Geography
Mar 9, 2013
Spanish Color Flashcards
81,754
4.27
Language
Jun 16, 2012
A Graded Logic Test
81,626
3.88
Miscellaneous
Apr 23, 2013
Go to Creator's Profile
Score Distribution
Quiz Creator Spotlight
ChicagoGuy88
Follow
Send a Message
Quizzes Created
-
Created Quiz Play Count
-
More By This Creator
Popular Quizzes Today
1
Find the 'City' Movie
2
Colored Red Africa Blitz
3
5x2 Blitz: Bands
4
Find the US States - No Outlines Minefield
5
The Countries of the World
6
Find the US States
7
9x9 Crossword: Cartoon Network
8
US States
More Geography Quizzes
Borders a Nine Letter State Minefield
Published
Trending Quizzes
Colored Red Europe Blitz I
Colored Red Africa Blitz II
Colored Red Africa Blitz III
Colored Red Europe Blitz III
Colored Red Europe Blitz II
Recently Updated
Champions League XIs: Real Madrid
pecheneg
Largest US Cities 1790-2010
pecheneg
Rides in Walt Disney World
pecheneg
Most Oscar Losses (Acting)
pecheneg
Beyoncé Albums
pecheneg
Leaping Animals
pecheneg
Reality TV Shows (A-Z)
bhenderson79
Rickey Henderson's Hall of Fame Teammates
pecheneg
Champions League XIs: Arsenal
pecheneg
Quick Pick: Celebrities in WWE's Hall of Fame
aduchscher
Trending Topics
Anime
Crossword
Disney
Harry Potter
NBA
Kpop
Marvel
NFL
Soccer
The Office
Puzzle
WWE
Song
Pokémon
Country
Your Account Isn't Verified!
In order to create a playlist on Sporcle, you need to verify the email address you used during registration. Go to your
Sporcle Settings
to finish the process.
Report this User
Report this user for behavior that violates our
Community Guidelines
.
Details:
Send Report
Go to the Sporcle.com Mobile Site →
Comments